Standard dictionary: english-english-kannada illustrated. (Record no. 104469)

MARC details
000 -LEADER
fixed length control field 00525nam a2200193Ia 4500
003 - CONTROL NUMBER IDENTIFIER
control field OSt
005 - DATE AND TIME OF LATEST TRANSACTION
control field 20250829143515.0
008 - FIXED-LENGTH DATA ELEMENTS--GENERAL INFORMATION
fixed length control field 210210b2000 xxu||||| |||| 00| 0 eng d
040 ## - CATALOGING SOURCE
Transcribing agency AL
041 ## - LANGUAGE CODE
Language code of text/sound track or separate title Kannada
082 ## - DEWEY DECIMAL CLASSIFICATION NUMBER
Classification number 413 BHAS
100 ## - MAIN ENTRY--PERSONAL NAME
Personal name BHARADVAJ (D K) mattu SACHIDANANDAN (G).
9 (RLIN) 237691
245 ## - TITLE STATEMENT
Title Standard dictionary: english-english-kannada illustrated.
260 ## - PUBLICATION, DISTRIBUTION, ETC.
Place of publication, distribution, etc. Gadag.
Name of publisher, distributor, etc. B G Sankeshwar Publications.,
Date of publication, distribution, etc. 2000
300 ## - PHYSICAL DESCRIPTION
Extent 831
690 ## - LOCAL SUBJECT ADDED ENTRY--TOPICAL TERM (OCLC, RLIN)
Topical term or geographic name as entry element Dictionaries
9 (RLIN) 237692
906 ## - LOCAL DATA ELEMENT F, LDF (RLIN)
a 057015
942 ## - ADDED ENTRY ELEMENTS (KOHA)
Source of classification or shelving scheme Dewey Decimal Classification
Koha item type Book
Holdings
Withdrawn status Lost status Damaged status Not for loan Collection code Home library Current library Shelving location Date acquired Source of acquisition Cost, normal purchase price Total Checkouts Full call number Barcode Date last seen Price effective from Koha item type
          St Aloysius Library St Aloysius Library   02/17/2021 U R Shenoy & Sons, Mangalore. 90.00   413 BHAS 057015 02/17/2021 02/17/2021 Book